Estatísticas para Cultura Geral

Clique aqui para jogar o quiz

Estatísticas Gerais

  • Esse quiz foi jogado 26 vezes
  • A pontuação média é 6 de 15

Estatísticas das Respostas

HintResposta% Correto
Qual é o símbolo químico para o ouro?Au
88%
Quem morreu em 2005 depois de vinte e seis anos como papa, o terceiro reinado mais longo de todos os tempos?João Paulo II
71%
A que país pertence o queijo Serra da Estrela?Portugal
54%
Que estado dos EUA começa com a letra L?Luisiana
50%
A que país pertence o queijo de Gloucester?Reino Unido
50%
Que país a Rússia invadiu em 2008?Geórgia
46%
Qual rapper foi o artista musical mais vendido da década de 2000?Eminem
42%
A que país pertence o queijo Leyden?Países Baixos
38%
Qual filme de James Cameron de 2009 se tornou a maior bilheteria de todos os tempos?Avatar
33%
Em que país podemos encontrar a cidade Cork?Irlanda
33%
Onde viviam os monges?Mosteiro
29%
Que região da Rússia foi o local de uma guerra sangrenta?Chechénia
17%
A que país pertence o queijo Brunost?Noruega
17%
A que país pertence o queijo Bryndza?Polónia
17%
A que país pertence o queijo Urdă?Roménia
17%

Distribuição das Pontuações

Percentil de Números Respondidos

Porcentagem de Pessoas com Cada Pontuação

Sua Pontuação Histórica

Você não jogou esse quiz